00385nam a2200109Ia 4500008004100000041000800041100002000049245012000069260005000189300000800239700002800247250110s9999 xx 000 0 und d aeng aKotariya Monica aMaterial Flow Analysis Of Purchased Goods To Enable Circular Economy In Educational Building : A Case Study Of BNCA bBNCA M arch Landscape ArhitectureaPunec2023 a55p aGuide Name:karve sujata